000
00334 a2200157 4500
001
192210
020
_a
85-280-0144-X
040
_c
Magnum
100
_a
Pozenato, Jose Clemente
240
1
0
_a
O caso do martelo
_l
por
245
1
0
_a
O caso do martelo
300
_a
88
362
0
_a
1991
697
_a
LITERATURA GERAL
942
_c
BK
999
_c
192210
_d
192210